[Event "ch-CHN 2014"]
[Site "Xinghua CHN"]
[Date "2014.03.18"]
[Round "7.1"]
[White "Zeng, Chongsheng"]
[Black "Xiu, Deshun"]
[Result "0-1"]
[WhiteTitle "GM"]
[BlackTitle "GM"]
[WhiteElo "2520"]
[BlackElo "2571"]
[WhiteFideId "8603847"]
[BlackFideId "8603693"]
[EventDate "2014.03.11"]

1. e4 e5 2. Nf3 Nc6 3. Bc4 Bc5 4. c3 Nf6 5. d4 exd4 6. cxd4 Bb4+ 7. Bd2 Nxe4 8.
Bxb4 Nxb4 9. Bxf7+ Kxf7 10. Qb3+ d5 11. Ne5+ Ke6 12. Qxb4 Qf8 13. Qxf8 Rxf8 14.
f3 c5 15. Nd3 cxd4 16. Na3 Nd6 17. Nc2 Nf5 18. g4 Nh4 19. Nxd4+ Kd6 20. Rf1 Bd7
21. Kd2 Rac8 22. b3 g5 23. h3 Rf6 24. f4 gxf4 25. Rxf4 Rxf4 26. Nxf4 Rf8 27. Ke3
Re8+ 28. Kf2 Re4 29. Nfe2 Ng6 30. Rd1 Nf4 31. Nxf4 Rxf4+ 32. Kg3 Re4 33. Kh4 Kc5
34. Nf3 Bb5 35. Kg5 d4 36. Rc1+ Kd6 37. a4 Bc6 38. Nh4 Bd5 39. Nf5+ Ke5 40. Rc8
Bxb3 41. Re8+ Be6 42. Ng7 Kd6 43. Kf6 Bd5 44. Nf5+ Kc5 45. Rxe4 Bxe4 46. Ke5 Bg2
47. Nxd4 Bxh3 48. g5 Kb4 49. Kf6 Bf1 50. Ne6 Bd3 51. Nd8 Kxa4 52. Nxb7 Kb4 53.
Ke5 a5 54. Kd4 Bc2 55. Ke3 a4 56. Kd2 Be4 57. Nd6 a3 58. Kc1 Bd3 59. Nb7 Kc3 60.
Nc5 Bc2 0-1

[Event "ch-CHN 2014"]
[Site "Xinghua CHN"]
[Date "2014.03.18"]
[Round "7.2"]
[White "Ma, Qun"]
[Black "Yu, Yangyi"]
[Result "1/2-1/2"]
[WhiteTitle "GM"]
[BlackTitle "GM"]
[WhiteElo "2606"]
[BlackElo "2664"]
[WhiteFideId "8603154"]
[BlackFideId "8603820"]
[EventDate "2014.03.11"]

1. d4 Nf6 2. c4 e6 3. Nc3 Bb4 4. f3 d5 5. a3 Bxc3+ 6. bxc3 c5 7. cxd5 Nxd5 8.
dxc5 f5 9. Nh3 Qa5 10. e4 fxe4 11. fxe4 Nf6 12. Nf2 O-O 13. Be2 Qxc3+ 14. Bd2
Qd4 15. Bb4 Nc6 16. Qxd4 Nxd4 17. Bd1 e5 18. O-O Re8 19. Bc3 Be6 20. Rb1 Rec8
21. Bxd4 exd4 22. Rxb7 Rxc5 23. Bb3 Bxb3 24. Rxb3 Rc3 25. Rfb1 Re8 26. Rb4 Nxe4
27. Rxd4 Nxf2 28. Kxf2 Rxa3 29. h3 h6 30. Rb7 Re6 31. Rg4 Rf6+ 32. Kg1 Rf7 33.
Rb8+ Kh7 34. Kh2 a5 35. Ra8 Rf6 36. Ra7 Rg6 37. Rxg6 Kxg6 38. h4 h5 39. g3 Kf6
40. Ra8 Ra1 41. Rh8 Kg6 42. Ra8 Kf5 43. Rf8+ Ke6 44. Rh8 g6 45. Rg8 Kf7 46. Ra8
Ra4 47. Ra6 Ra1 48. Ra8 a4 49. Ra6 Ra2+ 50. Kh3 a3 51. g4 hxg4+ 52. Kxg4 Ra1 53.
Kh3 Kg7 54. Kh2 Kh6 55. Ra5 Kg7 56. Ra6 Kf7 57. Kg2 a2 58. Kh2 Ke7 59. Kg2 Kd7
60. Kh2 Kc7 61. h5 Kb7 62. Ra4 gxh5 63. Ra3 Kb6 64. Ra8 Kb5 65. Rb8+ Kc4 66.
Rc8+ 1/2-1/2

[Event "ch-CHN 2014"]
[Site "Xinghua CHN"]
[Date "2014.03.18"]
[Round "7.3"]
[White "Wen, Yang"]
[Black "Lin, Chen"]
[Result "1/2-1/2"]
[WhiteTitle "GM"]
[WhiteElo "2591"]
[BlackElo "2475"]
[WhiteFideId "8602956"]
[BlackFideId "8602298"]
[EventDate "2014.03.11"]

1. c4 c6 2. Nf3 d5 3. g3 Nf6 4. Bg2 g6 5. b3 Bg7 6. Bb2 O-O 7. d3 Bg4 8. Nbd2
Nbd7 9. O-O Bxf3 10. Nxf3 e6 11. Qc2 Qe7 12. a3 a6 13. b4 Rfd8 14. Rfe1 a5 15.
c5 Ng4 16. d4 f5 17. h3 Ngf6 18. b5 Ne4 19. bxc6 bxc6 20. Rab1 Rdb8 21. Ba1 Qd8
22. e3 Rxb1 23. Rxb1 Rb8 24. Ne1 Rxb1 25. Qxb1 Qb8 26. Qxb8+ Nxb8 27. Nc2 Nd7
28. Bxe4 fxe4 29. a4 e5 30. Kf1 exd4 31. exd4 Nf8 32. Ke2 Ne6 33. Kd2 Bh6+ 34.
Ke2 Bg7 35. h4 g5 36. hxg5 Kf7 37. f4 exf3+ 38. Kxf3 Nxg5+ 39. Kf4 Ne4 40. g4
Kf6 41. Kf3 Bh6 42. Ne1 Ke6 1/2-1/2

[Event "ch-CHN 2014"]
[Site "Xinghua CHN"]
[Date "2014.03.18"]
[Round "7.5"]
[White "Zhao, Jun"]
[Black "Liu, Qingnan"]
[Result "0-1"]
[WhiteTitle "GM"]
[BlackTitle "IM"]
[WhiteElo "2608"]
[BlackElo "2501"]
[WhiteFideId "8602522"]
[BlackFideId "8603294"]
[EventDate "2014.03.11"]

1. e4 d6 2. d4 g6 3. Nc3 a6 4. f4 b5 5. Bd3 Bb7 6. Nf3 Nd7 7. O-O Bg7 8. e5 c5
9. Be4 Bxe4 10. Nxe4 cxd4 11. exd6 e6 12. Ne5 Nh6 13. Qxd4 Nf5 14. Qf2 Nxe5 15.
fxe5 Bxe5 16. c3 O-O 17. Rd1 Rc8 18. Bf4 Rc4 19. Bxe5 Rxe4 20. Bd4 e5 21. Bb6
Qd7 22. Qc5 Rc8 23. Bc7 Nxd6 24. Rxd6 Qxc7 25. Qxc7 Rxc7 26. Rf1 b4 27. Rxa6 Re2
28. Rf2 Re1+ 29. Rf1 Rxf1+ 30. Kxf1 bxc3 31. bxc3 Rxc3 32. Ra5 e4 33. Ra4 f5 34.
Ra7 Rc1+ 35. Kf2 Rc2+ 36. Kg3 g5 37. h4 gxh4+ 38. Kh3 Kf8 39. a4 Rf2 40. Rb7 e3
41. Rb3 e2 0-1

[Event "ch-CHN 2014"]
[Site "Xinghua CHN"]
[Date "2014.03.19"]
[Round "8.2"]
[White "Liu, Qingnan"]
[Black "Zhou, Jianchao"]
[Result "0-1"]
[WhiteTitle "IM"]
[BlackTitle "GM"]
[WhiteElo "2501"]
[BlackElo "2565"]
[WhiteFideId "8603294"]
[BlackFideId "8603537"]
[EventDate "2014.03.11"]

1. e4 c5 2. Nf3 d6 3. d4 cxd4 4. Nxd4 Nf6 5. Nc3 a6 6. Bg5 Nbd7 7. f4 Qc7 8. Qf3
b5 9. O-O-O Bb7 10. Bd3 e6 11. Rhe1 h6 12. Qh3 O-O-O 13. f5 e5 14. Nb3 Be7 15.
Bxf6 Nxf6 16. a4 bxa4 17. Nxa4 Kb8 18. Qg3 d5 19. exd5 Nxd5 20. Kb1 Nf4 21. Qxg7
Nxg2 22. Qxf7 Nxe1 23. Rxe1 Bd5 24. Qg7 Bh4 25. Qxc7+ Kxc7 26. Re3 Bf2 27. Re2
Bxb3 28. cxb3 Rxd3 29. Rxf2 e4 30. Nc3 Rf3 31. Re2 Re8 32. Nxe4 Kb6 33. Kc2 Rxf5
34. b4 Rf3 35. Re1 Rh3 36. Re2 Re7 37. Kd2 Rb3 38. Kc2 Rxb4 39. Kd3 a5 40. h4 a4
41. h5 Ka5 42. Re1 Rxb2 43. Ra1 Re5 44. Nc3 Rb4 45. Rh1 Rg5 46. Ne2 Rg2 47. Re1
Rh2 48. Nc1 Rxh5 49. Re8 Rg4 50. Ra8+ Kb5 51. Rb8+ Kc6 52. Ke2 Rh3 53. Kf2 a3
54. Ne2 Ra4 55. Rc8+ Kb7 56. Rc1 a2 57. Ra1 0-1

[Event "ch-CHN 2014"]
[Site "Xinghua CHN"]
[Date "2014.03.19"]
[Round "8.5"]
[White "Yu, Yangyi"]
[Black "Wen, Yang"]
[Result "1/2-1/2"]
[WhiteTitle "GM"]
[BlackTitle "GM"]
[WhiteElo "2664"]
[BlackElo "2591"]
[WhiteFideId "8603820"]
[BlackFideId "8602956"]
[EventDate "2014.03.11"]

1. e4 e5 2. Nf3 Nc6 3. d4 exd4 4. Nxd4 Qf6 5. Nxc6 Bc5 6. Qf3 bxc6 7. Nc3 Rb8 8.
Na4 Bd4 9. Bd2 d6 10. c3 Bb6 11. Nxb6 axb6 12. c4 Qxf3 13. gxf3 Nf6 14. Rg1 Rg8
15. a4 Be6 16. Bc3 Ke7 17. a5 bxa5 18. Rxa5 Ra8 19. b4 Rxa5 20. bxa5 Rb8 21. Kd2
g6 22. c5 Nd7 23. cxd6+ cxd6 24. Bd3 Nc5 25. Bc2 Ra8 26. Rb1 Kd7 27. h4 h5 28.
f4 Kc7 29. f3 Ba2 30. Rg1 Nb3+ 31. Bxb3 Bxb3 32. Rg5 Rb8 33. f5 Rb5 34. f4 gxf5
35. Rxh5 Be6 36. Rg5 Rb1 37. e5 d5 38. Bd4 1/2-1/2

[Event "ch-CHN 2014"]
[Site "Xinghua CHN"]
[Date "2014.03.19"]
[Round "8.6"]
[White "Zeng, Chongsheng"]
[Black "Ma, Qun"]
[Result "1/2-1/2"]
[WhiteTitle "GM"]
[BlackTitle "GM"]
[WhiteElo "2520"]
[BlackElo "2606"]
[WhiteFideId "8603847"]
[BlackFideId "8603154"]
[EventDate "2014.03.11"]

1. e4 e5 2. Nf3 Nc6 3. Bc4 Bc5 4. c3 Nf6 5. d4 exd4 6. cxd4 Bb4+ 7. Bd2 Nxe4 8.
Bxb4 Nxb4 9. Bxf7+ Kxf7 10. Qb3+ Kf8 11. Qxb4+ Qe7 12. Qxe7+ Kxe7 13. Nc3 Nxc3
14. bxc3 Re8 15. Kd2 Kf8 16. Ng5 h6 17. Nh3 b6 18. Nf4 Ba6 19. Rhe1 Kf7 20. Nd5
Rac8 21. a4 Bb7 22. Rxe8 Kxe8 23. Ne3 a5 24. c4 d6 25. d5 Kd7 26. f4 Rf8 27. f5
Bc8 28. Kd3 Ke7 29. Ke4 h5 30. h3 Kf6 31. g4 hxg4 32. hxg4 Rh8 33. Kf4 Rh4 34.
Ng2 g5+ 35. Kg3 Rh8 36. Ne3 Bd7 37. Nf1 Rh1 38. Kg2 Rh4 39. Nh2 Rh8 40. Nf3 Re8
41. Rh1 Bxf5 42. gxf5 Re4 43. Rc1 g4 44. Nh4 Kg5 45. Ng6 Kxf5 46. Nf8 Re2+ 47.
Kg1 g3 48. Ne6 Ra2 49. Rf1+ Ke4 50. Nxc7 Rxa4 51. Nb5 Rxc4 52. Nxd6+ Kxd5 53.
Nxc4 Kxc4 54. Rc1+ Kb3 55. Rb1+ Kc3 56. Rxb6 a4 57. Ra6 Kb3 1/2-1/2

[Event "ch-CHN 2014"]
[Site "Xinghua CHN"]
[Date "2014.03.20"]
[Round "9.1"]
[White "Ma, Qun"]
[Black "Xiu, Deshun"]
[Result "1/2-1/2"]
[WhiteTitle "GM"]
[BlackTitle "GM"]
[WhiteElo "2606"]
[BlackElo "2571"]
[WhiteFideId "8603154"]
[BlackFideId "8603693"]
[EventDate "2014.03.11"]

1. d4 Nf6 2. c4 g6 3. Nc3 d5 4. cxd5 Nxd5 5. e4 Nxc3 6. bxc3 Bg7 7. Be3 c5 8.
Qd2 Qa5 9. Rc1 cxd4 10. cxd4 Qxd2+ 11. Bxd2 O-O 12. Nf3 Bg4 13. Be3 Bxf3 14.
gxf3 e6 15. Bb5 a6 16. Ba4 b5 17. Bb3 a5 18. a4 bxa4 19. Bxa4 Na6 20. O-O Nb4
21. Rfd1 Rfd8 22. Rc7 Bf8 23. Kg2 Bd6 24. Rb7 Rdb8 25. Rd7 Rd8 26. Rb7 Rdb8 27.
Rd7 Rd8 28. Rb7 1/2-1/2

[Event "ch-CHN 2014"]
[Site "Xinghua CHN"]
[Date "2014.03.20"]
[Round "9.2"]
[White "Wen, Yang"]
[Black "Zeng, Chongsheng"]
[Result "0-1"]
[WhiteTitle "GM"]
[BlackTitle "GM"]
[WhiteElo "2591"]
[BlackElo "2520"]
[WhiteFideId "8602956"]
[BlackFideId "8603847"]
[EventDate "2014.03.11"]

1. c4 e5 2. Nc3 Nf6 3. g3 Bb4 4. Bg2 O-O 5. Nf3 Nc6 6. O-O Bxc3 7. bxc3 Re8 8.
Ne1 h6 9. e4 Na5 10. d3 c6 11. f4 d5 12. fxe5 Rxe5 13. cxd5 cxd5 14. Bf4 Re8 15.
e5 Nh7 16. Kh1 Nf8 17. Qh5 Qd7 18. c4 b6 19. cxd5 Bb7 20. d6 Rac8 21. d4 Rc4 22.
Rd1 Nc6 23. d5 Nb4 24. a3 Na6 25. Nd3 Rd4 26. Nf2 Rxd1 27. Nxd1 Nc5 28. Ne3 Ba6
29. Rc1 Bd3 30. h4 Ng6 31. Kh2 Qa4 32. Bxh6 Rxe5 33. Qg4 Qe8 34. Bg5 f6 35. d7
Nxd7 36. Qd4 fxg5 37. Ng4 Bf5 38. Nxe5 Qxe5 39. Qxe5 Ngxe5 40. hxg5 Kf7 41. g4
Nxg4+ 42. Kg3 Nge5 43. Rc7 a5 44. Kf4 g6 45. Ke3 Ke7 46. Kd4 Nf7 47. Rc6 Nxg5
48. d6+ Kf6 49. Bd5 Ne6+ 50. Ke3 Ke5 0-1

[Event "ch-CHN 2014"]
[Site "Xinghua CHN"]
[Date "2014.03.20"]
[Round "9.4"]
[White "Zhao, Jun"]
[Black "Lin, Chen"]
[Result "1-0"]
[WhiteTitle "GM"]
[WhiteElo "2608"]
[BlackElo "2475"]
[WhiteFideId "8602522"]
[BlackFideId "8602298"]
[EventDate "2014.03.11"]

1. e4 c5 2. Nf3 e6 3. c3 d5 4. exd5 exd5 5. Bb5+ Nc6 6. Qe2+ Be7 7. O-O Nf6 8.
Re1 Bg4 9. d3 a6 10. Bxc6+ bxc6 11. Nbd2 Ra7 12. h3 Bf5 13. Ne5 Qc8 14. g4 Be6
15. f4 g6 16. Ndf3 O-O 17. f5 gxf5 18. Bh6 fxg4 19. Qd2 Kh8 20. Bxf8 Bxf8 21.
Ng5 gxh3 22. Kh1 Bg7 23. Rg1 c4 24. Raf1 cxd3 25. Qxd3 h6 26. Rxf6 hxg5 27. Qf3
g4 28. Nxg4 Qg8 29. Rh6+ Bxh6 30. Nxh6 1-0

[Event "ch-CHN 2014"]
[Site "Xinghua CHN"]
[Date "2014.03.21"]
[Round "10.1"]
[White "Xiu, Deshun"]
[Black "Liu, Qingnan"]
[Result "0-1"]
[WhiteTitle "GM"]
[BlackTitle "IM"]
[WhiteElo "2571"]
[BlackElo "2501"]
[WhiteFideId "8603693"]
[BlackFideId "8603294"]
[EventDate "2014.03.11"]

1. d4 Nf6 2. c4 g6 3. Nf3 Bg7 4. g3 O-O 5. Bg2 d6 6. O-O Nc6 7. Nc3 a6 8. h3 Rb8
9. e4 b5 10. cxb5 axb5 11. Re1 Nd7 12. Bg5 h6 13. Be3 b4 14. Na4 e5 15. Rc1 Bb7
16. b3 exd4 17. Nxd4 Ne7 18. Qd2 Kh7 19. Red1 Re8 20. f4 Nf6 21. e5 Nfd5 22. Bf2
dxe5 23. fxe5 Bxe5 24. Re1 Bf6 25. Rc4 Ba8 26. Nc2 Qd6 27. Qd3 Nf5 28. Rd1 Rbd8
29. Be4 Qe5 30. Qf3 Nc3 31. Rxd8 Bxe4 32. Rxe8 Qxe8 33. Rxe4 Nxe4 34. g4 Nh4 35.
Qe3 Qa8 36. Bxh4 Bxh4 37. Qf3 Qd5 38. Nxb4 Qd4+ 39. Kg2 Qd2+ 40. Kg1 Ng5 0-1

[Event "ch-CHN 2014"]
[Site "Xinghua CHN"]
[Date "2014.03.21"]
[Round "10.3"]
[White "Lin, Chen"]
[Black "Zhou, Jianchao"]
[Result "0-1"]
[BlackTitle "GM"]
[WhiteElo "2475"]
[BlackElo "2565"]
[WhiteFideId "8602298"]
[BlackFideId "8603537"]
[EventDate "2014.03.11"]

1. e4 c5 2. Nf3 d6 3. Nc3 a6 4. Be2 e5 5. Nd5 Nd7 6. d3 Ngf6 7. Bg5 Be7 8. Nxe7
Qxe7 9. Nh4 Nb8 10. O-O Nc6 11. c3 h6 12. Be3 d5 13. Bf3 d4 14. cxd4 exd4 15.
Bf4 O-O 16. Nf5 Bxf5 17. exf5 Qd7 18. g4 Rae8 19. Rc1 b6 20. Qb3 Nb4 21. a3 Nbd5
22. Bg3 Re7 23. Bh4 Nf4 24. Bxf6 gxf6 25. Qxb6 Nxd3 26. Qxf6 Kh7 27. h4 Rd8 28.
Rc2 Qd6 29. Qxd6 Rxd6 30. Rd2 Ne5 31. Kg2 d3 32. Rc1 c4 33. Be4 f6 34. f3 Nxg4
35. fxg4 Rxe4 36. Kh3 Rdd4 37. Rg1 h5 38. gxh5 Rxh4+ 39. Kg2 Rhg4+ 40. Kh2 Rxg1
41. Kxg1 Kh6 42. Kf2 Kxh5 43. Ke3 Rg4 44. b3 cxb3 45. Kxd3 Ra4 46. Rg2 Rxa3 47.
Rg6 Ra5 0-1

[Event "ch-CHN 2014"]
[Site "Xinghua CHN"]
[Date "2014.03.21"]
[Round "10.4"]
[White "Yu, Yangyi"]
[Black "Zhao, Jun"]
[Result "1/2-1/2"]
[WhiteTitle "GM"]
[BlackTitle "GM"]
[WhiteElo "2664"]
[BlackElo "2608"]
[WhiteFideId "8603820"]
[BlackFideId "8602522"]
[EventDate "2014.03.11"]

1. e4 e6 2. d4 d5 3. Nd2 c5 4. Ngf3 cxd4 5. exd5 Qxd5 6. Bc4 Qd6 7. O-O Nf6 8.
Nb3 Nc6 9. Nbxd4 Nxd4 10. Nxd4 Be7 11. c3 O-O 12. Qf3 Qc7 13. Bb3 a6 14. Bg5 Bd7
15. Rfe1 Rfe8 16. Re2 a5 17. a3 Bc6 18. Nxc6 Qxc6 19. Qxc6 bxc6 20. Ba4 Rec8 21.
Rd1 h6 22. Bc1 Nd5 23. Bc2 Rab8 24. g3 Bf6 25. Re4 c5 26. Rde1 h5 27. Kg2 g6 28.
h3 Rb7 29. Bd3 Rd8 30. Be2 Rdb8 31. Bc4 Kg7 32. Rd1 Rd8 33. Bxd5 exd5 34. Ra4
Rb5 35. c4 dxc4 36. Rxd8 Bxd8 37. Rxc4 Bf6 38. a4 Rb4 39. Rxb4 cxb4 40. f4 Bd8
41. Kf3 Kf6 42. Ke4 Ke6 43. Kd4 Kd6 44. Kc4 Kc6 45. Be3 f5 46. h4 Bf6 47. Bd4
Be7 48. Be5 Bd8 49. Bg7 Bb6 50. Bd4 Bd8 51. b3 Be7 52. Ba7 Bf6 53. Bd4 Bxd4 54.
Kxd4 Kd6 1/2-1/2

[Event "ch-CHN 2014"]
[Site "Xinghua CHN"]
[Date "2014.03.21"]
[Round "10.6"]
[White "Ma, Qun"]
[Black "Wen, Yang"]
[Result "1-0"]
[WhiteTitle "GM"]
[BlackTitle "GM"]
[WhiteElo "2606"]
[BlackElo "2591"]
[WhiteFideId "8603154"]
[BlackFideId "8602956"]
[EventDate "2014.03.11"]

1. e4 e5 2. Nf3 Nc6 3. Bc4 Bc5 4. c3 Nf6 5. d4 exd4 6. cxd4 Bb4+ 7. Bd2 Nxe4 8.
Bxb4 Nxb4 9. Bxf7+ Kxf7 10. Qb3+ d5 11. Ne5+ Ke6 12. Qxb4 Qf8 13. Qxf8 Rxf8 14.
f3 Nd6 15. Nc3 c6 16. Kf2 Nf5 17. Rhe1 Kd6 18. Rad1 g6 19. g4 Ng7 20. h4 Ne6 21.
Kg3 Bd7 22. Ne2 Rae8 23. Nd3 Re7 24. Rf1 Bc8 25. Ndf4 Ng7 26. Rd2 a5 27. Rc1 Bd7
28. Rc3 Ref7 29. Re3 Rg8 30. Nd3 Ne6 31. Ndf4 Ng7 32. Nd3 Ne6 33. Nef4 Nxf4 34.
Nxf4 Rgf8 35. Nd3 b6 36. Ne5 Re7 37. Rb3 Kc7 38. f4 Be8 39. Rf3 Rg7 40. Rb3 Re7
41. Rc2 h5 42. g5 Re6 43. Rf2 Rf5 44. Re3 Bd7 45. Rfe2 Bc8 46. Nf3 Kd6 47. Rxe6+
Bxe6 48. Ne5 Bf7 49. Rd2 Be8 50. Kf3 Rf8 51. b3 Ke6 52. a3 Kd6 53. b4 a4 54. Rc2
b5 55. Re2 Bd7 56. Nxg6 Bg4+ 57. Kf2 Bxe2 58. Nxf8 Bd3 59. g6 Ke7 60. g7 Kf7 61.
Nd7 Kxg7 62. Ne5 Bc4 63. Nxc6 Kf6 64. Kf3 Kf5 65. Ne7+ Ke6 66. Ng6 Kf5 67. Ne5
Bb3 68. Nd3 Bd1+ 69. Ke3 Bb3 70. Nc5 Kg4 71. f5 Bc2 72. f6 Bg6 73. Ne6 Kxh4 74.
Kf4 Kh3 75. Kg5 Be8 76. Ng7 Bf7 77. Nxh5 Kg2 78. Nf4+ Kf3 79. Kf5 Ke3 80. Ke5
Kd2 81. Nxd5 Kc2 82. Nc7 Kb3 83. Nxb5 1-0

[Event "ch-CHN 2014"]
[Site "Xinghua CHN"]
[Date "2014.03.22"]
[Round "11.1"]
[White "Wen, Yang"]
[Black "Xiu, Deshun"]
[Result "1/2-1/2"]
[WhiteTitle "GM"]
[BlackTitle "GM"]
[WhiteElo "2591"]
[BlackElo "2571"]
[WhiteFideId "8602956"]
[BlackFideId "8603693"]
[EventDate "2014.03.11"]

1. d4 Nf6 2. c4 e6 3. Nc3 Bb4 4. e3 O-O 5. Ne2 c6 6. a3 Ba5 7. b4 Bc7 8. d5 exd5
9. cxd5 cxd5 10. g3 Be5 11. Bg2 Ne4 12. Bb2 Qf6 13. Bxe4 dxe4 14. O-O d6 15.
Nxe4 Qg6 16. N4c3 Nc6 17. Nf4 Bxf4 18. exf4 Bg4 19. f3 Be6 20. Nd5 Bxd5 21. Qxd5
Qe6 22. Rad1 Rad8 23. f5 Qxd5 24. Rxd5 f6 25. Rfd1 Ne7 26. Rxd6 Rxd6 27. Rxd6
Nxf5 28. Rd5 Ne3 29. Rd7 Rf7 30. Rd8+ Rf8 31. Rd7 Rf7 32. Rd8+ 1/2-1/2

[Event "ch-CHN 2014"]
[Site "Xinghua CHN"]
[Date "2014.03.22"]
[Round "11.3"]
[White "Zhao, Jun"]
[Black "Zeng, Chongsheng"]
[Result "1-0"]
[WhiteTitle "GM"]
[BlackTitle "GM"]
[WhiteElo "2608"]
[BlackElo "2520"]
[WhiteFideId "8602522"]
[BlackFideId "8603847"]
[EventDate "2014.03.11"]

1. e4 e5 2. Nf3 Nc6 3. Bb5 Nf6 4. O-O Nxe4 5. d4 Nd6 6. Bxc6 dxc6 7. dxe5 Nf5 8.
Qxd8+ Kxd8 9. Nc3 Bd7 10. h3 Kc8 11. b3 b6 12. Rd1 h6 13. Bb2 Be7 14. Ne2 Nh4
15. Nxh4 Bxh4 16. Nf4 Bf5 17. c4 Rg8 18. g4 Bd7 19. Rd3 Bg5 20. Ng2 h5 21. Rad1
Be8 22. h4 Be7 23. g5 a5 24. Ne3 Kb7 25. Nf5 Bc5 26. Rd8 Rc8 27. e6 fxe6 28.
Nxg7 Bd6 29. Rxe8 Rcxe8 30. Nxe8 Rxe8 31. Kf1 Kc8 32. Ke2 Kd7 33. g6 e5 34. Rg1
Ke6 35. Rg5 Rg8 36. Kd3 Be7 37. Rxe5+ Kd7 38. Rxh5 Rxg6 39. Be5 Rg2 40. Bg3 Bd6
41. Rg5 Bxg3 42. fxg3 Rxa2 43. h5 Rh2 44. Ke4 Kd6 45. Kf5 b5 46. cxb5 cxb5 47.
Kg6 c5 48. h6 a4 49. bxa4 b4 50. Rh5 Rxh5 51. Kxh5 b3 52. h7 b2 53. h8=Q b1=Q
54. Qd8+ Kc6 55. Qe8+ Kd6 56. Qd8+ Kc6 57. Qf6+ Kd5 58. Qf7+ Kd4 59. a5 c4 60.
Qd7+ Ke5 61. a6 c3 62. a7 Qh1+ 63. Kg5 Qa8 64. Qg7+ Ke4 65. Qxc3 Qxa7 66. g4 Qd7
67. Qf6 Ke3 68. Kh5 Ke2 69. g5 Qh7+ 70. Kg4 Qe4+ 71. Qf4 Qg2+ 72. Kf5 Kd3 73. g6
Qd5+ 74. Qe5 Qf3+ 75. Ke6 Kc4 76. g7 Qg4+ 77. Ke7 Kb4 78. Qb8+ 1-0

[Event "ch-CHN 2014"]
[Site "Xinghua CHN"]
[Date "2014.03.22"]
[Round "11.4"]
[White "Zhou, Jianchao"]
[Black "Yu, Yangyi"]
[Result "1/2-1/2"]
[WhiteTitle "GM"]
[BlackTitle "GM"]
[WhiteElo "2565"]
[BlackElo "2664"]
[WhiteFideId "8603537"]
[BlackFideId "8603820"]
[EventDate "2014.03.11"]

1. d4 Nf6 2. c4 e6 3. Nf3 d5 4. Nc3 Bb4 5. Bg5 h6 6. Bxf6 Qxf6 7. Qa4+ Nc6 8. e3
O-O 9. Be2 Bd7 10. Qb3 dxc4 11. Qxc4 Bd6 12. O-O Qg6 13. Rfd1 Rfd8 14. Rac1 Na5
15. Qd3 Qxd3 16. Bxd3 Rac8 17. Bb5 Bxb5 18. Nxb5 a6 19. Nc3 Nc4 20. Rc2 Bb4 21.
Ne4 Nd6 22. Ng3 Ne8 23. Rdc1 c6 24. Ne4 Nd6 25. Nc5 Bxc5 26. Rxc5 Ne4 27. R5c2
Rd5 28. Kf1 Rcd8 29. Ke2 Kf8 30. Ne5 c5 1/2-1/2